| 000 | 00521nam a2200169 4500 | ||
|---|---|---|---|
| 001 | 116234 | ||
| 003 | ES-MaACL | ||
| 005 | 20230906190650.0 | ||
| 007 | t| | ||
| 008 | 061121s1944 xxk r ||||1| eng d | ||
| 100 | 1 |
_aParker, Geoffrey E. _989178 |
|
| 245 | 1 | 4 |
_aThe surgery of abdominal trauma / _cGeoffrey E. Parker ; foreword by Colonel J. M. Weddell. |
| 260 |
_aLondon : _bChurchill, _c1944. |
||
| 300 |
_aVIII, 120 p. : _bIL ; _c21 cm. |
||
| 700 | 1 |
_aWeddell, J. M. _9116280 |
|
| 852 |
_aES-MaACL _jB-10400 _bR.22474 |
||
| 999 |
_c116234 _d116234 |
||